000 00296nam a2200109Ia 4500
008 171211s9999 xx 000 0 und d
245 _aEncyclopedia of Signaling Molecules
245 _cSangdun Choi
260 _c2012
650 _xBiology
856 _uhttp://down.ebook777.com/063/1441904611.pdf
999 _c350365
_d350365